Lehrplanbindung und Innovationsresistenz in bayerischen Geschichtsschulbüchern

Saved in:  
Bibliographic Details
Main Author: Biener, Hansjörg 1961- (Author)
Format: Print Article
Language:German
Check availability: HBZ Gateway
Interlibrary Loan:Interlibrary Loan for the Fachinformationsdienste (Specialized Information Services in Germany)
Published: 2005
In: Das Schulbuch zwischen Lehrplan und Unterrichtspraxis
Year: 2005, Pages: 265-284
Further subjects:B History teaching
B Geography teaching
B School book
B Social studies teaching
B Authorization process
B Bavaria

MARC

LEADER 00000caa a22000002c 4500
001 150791587X
003 DE-627
005 20220602142916.0
007 tu
008 150722s2005 xx ||||| 00| ||ger c
020 |a 3781514102 
035 |a (DE-627)150791587X 
035 |a (DE-576)437915875 
035 |a (DE-599)BSZ437915875 
040 |a DE-627  |b ger  |c DE-627  |e rakwb 
041 |a ger 
084 |a 1  |2 ssgn 
100 1 |0 (DE-588)11315111X  |0 (DE-627)516837362  |0 (DE-576)170085236  |4 aut  |a Biener, Hansjörg  |d 1961- 
109 |a Biener, Hansjörg 1961- 
245 1 0 |a Lehrplanbindung und Innovationsresistenz in bayerischen Geschichtsschulbüchern 
264 1 |c 2005 
336 |a Text  |b txt  |2 rdacontent 
337 |a ohne Hilfsmittel zu benutzen  |b n  |2 rdamedia 
338 |a Band  |b nc  |2 rdacarrier 
500 |a Literaturverz. S. 281 - 284 
650 0 7 |0 (DE-588)4020533-2  |0 (DE-627)106317695  |0 (DE-576)208933778  |a Geschichtsunterricht  |2 gnd 
650 0 7 |0 (DE-588)4053458-3  |0 (DE-627)104383704  |0 (DE-576)209103922  |a Schulbuch  |2 gnd 
650 0 7 |0 (DE-588)4055852-6  |0 (DE-627)106156632  |0 (DE-576)209115645  |a Sozialkundeunterricht  |2 gnd 
650 0 7 |0 (DE-588)4020219-7  |0 (DE-627)106318853  |0 (DE-576)208932437  |a Geografieunterricht  |2 gnd 
650 0 7 |0 (DE-588)4113702-4  |0 (DE-627)104203064  |0 (DE-576)209478640  |a Genehmigungsverfahren  |2 gnd 
651 7 |0 (DE-588)4005044-0  |0 (DE-627)106383221  |0 (DE-576)208858954  |a Bayern  |2 gnd 
773 0 8 |i In  |t Das Schulbuch zwischen Lehrplan und Unterrichtspraxis  |d Bad Heilbrunn/Obb. : Klinkhardt, 2005  |g (2005), Seite 265-284  |h 341 S.  |w (DE-627)1187541451  |w (DE-576)117541451  |z 3781514102  |7 nnam 
773 1 8 |g year:2005  |g pages:265-284 
951 |a AR 
ELC |b 1 
ORI |a SA-MARC-ixtheo_oa001.raw 
REF |a Erdkundebuch,Geschichtsbuch,Schulbuchzulassung 
STA 0 0 |a Authorization process,Bavaria,Bavaria,Eastern Bavaria,Geography teaching,Geography lessons,Geography,Geography,History teaching,History lessons,History,History,School book,Social studies teaching,Social studies 
STB 0 0 |a Enseignement de l'histoire,Enseignement de la géographie,Enseignement des sciences sociales,Manuel scolaire,Procédure d'autorisation 
STC 0 0 |a Enseñanza de geografía,Enseñanza de la historia,Enseñanza dos estudios sociales,Libro escolar,Proceso de autorización 
STD 0 0 |a Insegnamento degli studi sociali,Studi sociali (materia),Studi sociali,Insegnamento della geografia,Geografia (materia),Geografia,Insegnamento della storia,Storia (materia),Storia,Libro scolastico,Procedura di autorizzazione 
STE 0 0 |a 历史课,地理学课,地理学课程,教科书,社会研究教学 
STF 0 0 |a 地理學課,地理學課程,教科書,歷史課,社會研究教學 
STG 0 0 |a Ensino da história,Ensino de geografia,Ensino dos estudos sociais,Livro escolar,Processo de autorização 
STH 0 0 |a Преподавание истории,Преподавание обществоведения,Процесс авторизации,Урок географии,Школьный учебник 
STI 0 0 |a Διαδικασία αδειοδότησης,Διδασκαλία ιστορίας,Ιστορία (μάθημα),Διδασκαλία κοινωνικών σπουδών,Κοινωνικές σπουδές (μάθημα),Διδασκαλία της γεωγραφίας,Γεωγραφία (μάθημα),Σχολικό βιβλίο 
SYE 0 0 |a Geschichte,Geschichte,Geschichtsdidaktik , Lehrwerk,Schullehrbuch,Schülerlehrbuch,Schulbücher , Gemeinschaftskunde,Sozialkunde,Soziallehreunterricht,Sozialunterricht,Sozialwissenschaften,Sozialwissenschaftlicher Unterricht , Geographieunterricht,Geographieunterricht,Erdkundeunterricht,Erdkunde,Geografie,Geografie,Geographiedidaktik,Geografiedidaktik , Bewilligungsverfahren 
SYF 0 0 |a Herzogtum Bayern,Königreich Bayern,Churbayern,Bavaria,Kurfürstentum Bayern,Kurbayern,Freistaat Bayern,Stammesherzogtum Bayern,Bavarian State,Bayerischer Staat,Baiern,Volksstaat Bayern,Bavière,Bayrn,BY